[Event "DEM U16w"]
[Site "Willingen"]
[Date "2006.06.06"]
[Round "5.14"]
[White "Dauer, Carolin"]
[Black "van Orsouw, Svenja"]
[Result "0-1"]
[WhiteElo "1572"]
[BlackElo "1596"]
[PlyCount "52"]
[EventDate "2006.??.??"]
[EventType "swiss"]
[EventRounds "9"]
[EventCountry "GER"]

1. e4 c5 2. Nc3 Nc6 3. g3 d6 4. Bg2 g6 5. f4 Bg7 6. Nf3 e6 7. d3 Nge7 8. O-O
O-O 9. g4 f5 10. h3 Rb8 11. Kh1 Bd7 12. Ne2 b5 13. Ng3 e5 14. exf5 gxf5 15. Nh2
fxg4 16. Nxg4 exf4 17. Bxf4 Ng6 18. Bc1 Rxf1+ 19. Bxf1 Nce5 20. Nxe5 Bxe5 21.
Qe1 Qh4 22. Kh2 Rf8 23. Bg2 Bxh3 24. Bxh3 Rf3 25. Bg5 Qxg5 26. Be6+ Kg7 0-1

[Event "DEM U16w"]
[Site "Willingen"]
[Date "2006.06.06"]
[Round "6.1"]
[White "Erben, Larissa"]
[Black "Fuchs, Judith"]
[Result "1/2-1/2"]
[WhiteElo "1868"]
[BlackElo "2007"]
[PlyCount "52"]
[EventDate "2006.??.??"]
[EventType "swiss"]
[EventRounds "9"]
[EventCountry "GER"]

1. e4 c6 2. d4 d5 3. Nc3 dxe4 4. Nxe4 Bf5 5. Ng3 Bg6 6. Nf3 Nd7 7. h4 h6 8. h5
Bh7 9. Bd3 Bxd3 10. Qxd3 e6 11. Bd2 Qc7 12. Qe2 Ngf6 13. O-O-O O-O-O 14. Ne5
Nb6 15. Ba5 Rd5 16. Bxb6 axb6 17. c4 Ra5 18. Kb1 Bd6 19. f4 Rd8 20. Ne4 Nxe4
21. Qxe4 Qe7 22. g3 Kc7 23. b3 Bb4 24. Qe3 Bd6 25. Qc3 Bb4 26. Qe3 Bd6 1/2-1/2

[Event "DEM U16w"]
[Site "Willingen"]
[Date "2006.06.06"]
[Round "6.2"]
[White "Mader, Manuela"]
[Black "Jehle, Anja"]
[Result "1-0"]
[WhiteElo "2061"]
[BlackElo "1834"]
[PlyCount "73"]
[EventDate "2006.??.??"]
[EventType "swiss"]
[EventRounds "9"]
[EventCountry "GER"]

1. e4 c5 2. Nf3 d6 3. Bb5+ Bd7 4. Bxd7+ Nxd7 5. c4 g6 6. Nc3 Bg7 7. d4 a6 8.
O-O e6 9. Be3 Rc8 10. b3 Ne7 11. Rc1 O-O 12. Qd2 Re8 13. Rfd1 cxd4 14. Nxd4 Nf8
15. Nde2 Rc6 16. Bf4 e5 17. Be3 f5 18. f3 f4 19. Bf2 Ne6 20. Nd5 Qc8 21. Nb4
Rc7 22. Bb6 Rd7 23. c5 Qb8 24. Nd5 Nc8 25. c6 bxc6 26. Rxc6 Rb7 27. Bf2 Qa8 28.
Qa5 Rb5 29. Qxa6 Ra5 30. Qxa8 Rxa8 31. a4 Kh8 32. Rdc1 Nd4 33. Bxd4 exd4 34.
Nc7 Ne7 35. Rxd6 Red8 36. Rxd8+ Rxd8 37. Ne6 1-0

[Event "DEM U16w"]
[Site "Willingen"]
[Date "2006.06.06"]
[Round "6.3"]
[White "Zikeli, Saskia"]
[Black "Zier, Verena"]
[Result "1-0"]
[WhiteElo "1985"]
[BlackElo "1872"]
[PlyCount "79"]
[EventDate "2006.??.??"]
[EventType "swiss"]
[EventRounds "9"]
[EventCountry "GER"]

1. e4 e6 2. d4 d5 3. Nd2 Be7 4. Ngf3 Nf6 5. e5 Nfd7 6. Bd3 c5 7. c3 Nc6 8. O-O
O-O 9. Re1 a6 10. Bb1 Re8 11. Qc2 Nf8 12. dxc5 Bxc5 13. Nb3 Be7 14. Nbd4 Bd7
15. Bf4 Rc8 16. Qd3 Qb6 17. Nb3 Na5 18. Nxa5 Qxa5 19. Ng5 Qb5 20. Qd2 Bc5 21.
Be3 Be7 22. Bd3 Qa4 23. Bd4 Bb5 24. Bc2 Qa5 25. Qf4 Bxg5 26. Qxg5 Qd8 27. Qh5
h6 28. h4 Ng6 29. Re3 Kh8 30. Rg3 Nf4 31. Qxf7 Ne2+ 32. Kh2 Nxg3 33. fxg3 Qd7
34. Qg6 Kg8 35. a4 Be2 36. Re1 Bc4 37. b3 Qf7 38. Qh7+ Kf8 39. Bg6 Qc7 40. bxc4
1-0

[Event "DEM U16w"]
[Site "Willingen"]
[Date "2006.06.06"]
[Round "6.4"]
[White "Jussupow, Ekaterina"]
[Black "Remy, Janina"]
[Result "1/2-1/2"]
[WhiteElo "2021"]
[BlackElo "1887"]
[PlyCount "92"]
[EventDate "2006.??.??"]
[EventType "swiss"]
[EventRounds "9"]
[EventCountry "GER"]

1. d4 g6 2. Nf3 Bg7 3. c4 d6 4. Nc3 Nd7 5. Bg5 f6 6. Bd2 e5 7. e3 Nh6 8. Qb3 c6
9. Ne4 Nf7 10. Bb4 Qc7 11. Rd1 c5 12. Bc3 O-O 13. Be2 f5 14. Neg5 Nxg5 15. Nxg5
Nf6 16. O-O h6 17. dxe5 dxe5 18. Nf3 Ne4 19. Be1 Kh7 20. Nd2 Nxd2 21. Bxd2 b6
22. f4 Bb7 23. Bc3 Rad8 24. Bf3 Bxf3 25. Rxf3 Rxd1+ 26. Qxd1 Rd8 27. Qc2 e4 28.
Rf1 Bxc3 29. Qxc3 Rd3 30. Qf6 Qg7 31. Qxg7+ Kxg7 32. Rf2 Rxe3 33. Rd2 Rd3 34.
Rxd3 exd3 35. Kf2 Kf6 36. Ke3 Ke6 37. Kxd3 Kd6 38. Kc3 a6 39. Kb3 Kc7 40. h4 h5
41. Ka4 Kc6 42. b3 Kc7 43. b4 Kb7 44. a3 Kc7 45. Kb3 Kb7 46. a4 a5 1/2-1/2

[Event "DEM U16w"]
[Site "Willingen"]
[Date "2006.06.06"]
[Round "6.5"]
[White "Hannes, Diana"]
[Black "Vollak, Marleen"]
[Result "1/2-1/2"]
[WhiteElo "1958"]
[BlackElo "1866"]
[PlyCount "71"]
[EventDate "2006.??.??"]
[EventType "swiss"]
[EventRounds "9"]
[EventCountry "GER"]

1. e4 c5 2. Nf3 d6 3. d4 cxd4 4. Nxd4 Nf6 5. Nc3 e6 6. Be3 a6 7. f4 Qc7 8. Be2
b5 9. a3 Bb7 10. Bf3 Nbd7 11. Qe2 Be7 12. O-O O-O 13. Kh1 Rad8 14. Rae1 Rfe8
15. e5 dxe5 16. fxe5 Bxf3 17. Nxf3 Nd5 18. Nxd5 exd5 19. Bf4 Qb6 20. b4 Nf8 21.
Be3 Qg6 22. Nd4 Ne6 23. Nf5 Rc8 24. Qd3 Bf8 25. Rf3 Nd8 26. Rg3 Qc6 27. Bg5 Kh8
28. Bxd8 Rcxd8 29. Nd4 Qc7 30. Rh3 h6 31. e6 fxe6 32. Nxe6 Qc4 33. Qg6 Rc8 34.
Rxh6+ gxh6 35. Qf6+ Kg8 36. Qg6+ 1/2-1/2

[Event "DEM U16w"]
[Site "Willingen"]
[Date "2006.06.06"]
[Round "6.6"]
[White "Kickert, Germaine Helene"]
[Black "Karmann, Anna"]
[Result "1/2-1/2"]
[WhiteElo "1913"]
[BlackElo "1709"]
[PlyCount "65"]
[EventDate "2006.??.??"]
[EventType "swiss"]
[EventRounds "9"]
[EventCountry "GER"]

1. e4 Nf6 2. e5 Nd5 3. d4 d6 4. c4 Nb6 5. exd6 cxd6 6. Nc3 g6 7. Be3 Bg7 8. Rc1
O-O 9. b3 Nc6 10. Be2 Re8 11. d5 Ne5 12. f4 Ned7 13. Nf3 e5 14. dxe6 Rxe6 15.
Bd4 Nf6 16. O-O Re8 17. Re1 Be6 18. Bf1 a6 19. Kh1 Rc8 20. Qd2 Nbd7 21. Ng5 Nf8
22. Nge4 Nxe4 23. Nxe4 d5 24. Bxg7 Kxg7 25. Qb2+ f6 26. Red1 Rc7 27. cxd5 Rd7
28. dxe6 Rxd1 29. Rxd1 Qxd1 30. Qxf6+ Kh6 31. Qg5+ Kg7 32. Qf6+ Kh6 33. Qg5+
1/2-1/2

[Event "DEM U16w"]
[Site "Willingen"]
[Date "2006.06.06"]
[Round "6.7"]
[White "Thiele, Andra"]
[Black "Voss, Janine"]
[Result "1-0"]
[WhiteElo "1578"]
[BlackElo "1628"]
[PlyCount "49"]
[EventDate "2006.??.??"]
[EventType "swiss"]
[EventRounds "9"]
[EventCountry "GER"]

1. e4 c5 2. Nf3 d6 3. d4 cxd4 4. Nxd4 Nf6 5. Nc3 g6 6. f4 Bg7 7. e5 dxe5 8.
fxe5 Nfd7 9. e6 Ne5 10. Bb5+ Kf8 11. exf7 Nxf7 12. Be3 e5 13. Nb3 Qxd1+ 14.
Rxd1 Bf5 15. Bc5+ Kg8 16. Bc4 Nc6 17. O-O Ncd8 18. Be7 Be6 19. Bxe6 Nxe6 20.
Ne4 Bf8 21. Bxf8 Nxf8 22. Nbc5 Rc8 23. c3 Rc7 24. Nf6+ Kg7 25. Ne8+ 1-0

[Event "DEM U16w"]
[Site "Willingen"]
[Date "2006.06.06"]
[Round "6.8"]
[White "Reh, Theresa"]
[Black "Benzen, Marthe"]
[Result "1/2-1/2"]
[WhiteElo "1840"]
[BlackElo "1573"]
[PlyCount "119"]
[EventDate "2006.??.??"]
[EventType "swiss"]
[EventRounds "9"]
[EventCountry "GER"]

1. e4 e5 2. Nf3 Nc6 3. Bc4 Bc5 4. c3 Nf6 5. d3 d6 6. Bb3 Bg4 7. O-O Qd7 8. Be3
Bb6 9. Nbd2 Nh5 10. h3 Be6 11. Nc4 Bxe3 12. fxe3 Nf6 13. Ng5 Bxc4 14. Bxc4 Nd8
15. Rf2 h6 16. Nf3 Ne6 17. Nh4 O-O-O 18. b4 Rdg8 19. a4 g5 20. Rxf6 gxh4 21.
Bxe6 fxe6 22. Qf3 Qe8 23. Qf2 Rg3 24. Rf3 Rhg8 25. Rxg3 hxg3 26. Qf3 b6 27. a5
Kb7 28. axb6 axb6 29. Rf1 Qb5 30. Qf7 Ra8 31. Qxe6 Qxd3 32. Qd5+ Qxd5 33. exd5
Ra3 34. Rf3 Rxc3 35. Rxg3 Rc4 36. Rg6 h5 37. Rg5 Rxb4 38. Rxh5 Ra4 39. Rf5 Re4
40. Kf2 b5 41. Ke2 b4 42. Rf1 Rh4 43. Kd3 c5 44. dxc6+ Kxc6 45. e4 Kb5 46. Rh1
Rh8 47. g4 Rc8 48. g5 Rc3+ 49. Kd2 Rg3 50. h4 Rg4 51. Kd3 b3 52. Kc3 Rg3+ 53.
Kb2 Kc4 54. Rc1+ Kd4 55. Rd1+ Kxe4 56. Rxd6 Kf5 57. Rb6 Rg4 58. Rxb3 Rxh4 59.
Rg3 Rh2+ 60. Kc3 1/2-1/2

[Event "DEM U16w"]
[Site "Willingen"]
[Date "2006.06.06"]
[Round "6.9"]
[White "Dittrich, Jaqueline"]
[Black "Hoffmann, Lena"]
[Result "1-0"]
[WhiteElo "1589"]
[BlackElo "1910"]
[PlyCount "63"]
[EventDate "2006.??.??"]
[EventType "swiss"]
[EventRounds "9"]
[EventCountry "GER"]

1. d4 d5 2. Nf3 e6 3. e3 Nf6 4. Bd3 Be7 5. Nbd2 O-O 6. O-O c5 7. c3 Nbd7 8. Re1
cxd4 9. exd4 Qc7 10. Qe2 Bd6 11. Nf1 Re8 12. Bg5 h6 13. Bh4 Nh5 14. Bg3 Nxg3
15. Nxg3 a6 16. Bc2 b5 17. Qd3 Nf8 18. Ne5 Bxe5 19. dxe5 Bb7 20. Nh5 Red8 21.
Qg3 g6 22. Nf6+ Kg7 23. Rac1 Qb6 24. Qf4 Nh7 25. Nxh7 Qc7 26. Nf6 Rh8 27. Ng4
Qd8 28. Qf6+ Qxf6 29. exf6+ Kh7 30. Ne5 Rhf8 31. b3 Rac8 32. Bd3 1-0

[Event "DEM U16w"]
[Site "Willingen"]
[Date "2006.06.06"]
[Round "6.10"]
[White "Billing, Tanja"]
[Black "Zemella, Jennifer"]
[Result "1/2-1/2"]
[WhiteElo "1644"]
[BlackElo "1755"]
[PlyCount "94"]
[EventDate "2006.??.??"]
[EventType "swiss"]
[EventRounds "9"]
[EventCountry "GER"]

1. c4 e5 2. Nc3 Nc6 3. g3 f5 4. Bg2 Nf6 5. d3 Bb4 6. Bd2 O-O 7. Nf3 d6 8. O-O
Bxc3 9. Bxc3 Qe8 10. e4 f4 11. Qd2 Qh5 12. Nh4 Ng4 13. h3 Nf6 14. Qd1 Qg5 15.
Bd2 Nh5 16. Nf3 Qe7 17. Nh4 g6 18. Kh2 Nd4 19. Nf3 Nxf3+ 20. Bxf3 Ng7 21. gxf4
exf4 22. Bg4 Ne6 23. Rg1 Qh4 24. Qf3 Nd4 25. Qg2 Bxg4 26. Qxg4 Qxg4 27. Rxg4
Nf3+ 28. Kg2 Nxd2 29. Rd1 Nxc4 30. dxc4 Rf6 31. Kf3 Raf8 32. Rdg1 Kg7 33. b3 a6
34. Rg5 h6 35. R5g4 b6 36. Rh4 b5 37. cxb5 axb5 38. Rhg4 Kh7 39. Rc1 R6f7 40.
h4 h5 41. Rg5 Ra8 42. Rxb5 Rxa2 43. Rb7 Rb2 44. Rcxc7 Rxb3+ 45. Rxb3 Rxc7 46.
Rd3 Rc6 47. Kxf4 Kh6 1/2-1/2

[Event "DEM U16w"]
[Site "Willingen"]
[Date "2006.06.06"]
[Round "6.11"]
[White "Dobrusina, Anna"]
[Black "Reh, Rebecca"]
[Result "1-0"]
[WhiteElo "1564"]
[BlackElo "1709"]
[PlyCount "83"]
[EventDate "2006.??.??"]
[EventType "swiss"]
[EventRounds "9"]
[EventCountry "GER"]

1. e4 c5 2. Nf3 Nc6 3. d4 cxd4 4. Nxd4 Nf6 5. Nc3 d6 6. Bg5 e6 7. Qd2 Be7 8.
O-O-O Nxd4 9. Qxd4 e5 10. Bb5+ Bd7 11. Qa4 a6 12. Bxf6 gxf6 13. Bxd7+ Qxd7 14.
Qxd7+ Kxd7 15. Nd5 Bd8 16. g4 Rc8 17. Rd3 Rc4 18. f3 h5 19. b3 Rc6 20. h3 Ke6
21. Rhd1 Bb6 22. Nb4 Bc5 23. Nxc6 bxc6 24. c4 a5 25. Kb2 h4 26. a3 Rb8 27. Ka2
Ke7 28. Rf1 Ke6 29. f4 Bd4 30. fxe5 Bxe5 31. Rf5 c5 32. Rh5 Bg3 33. Rdd5 Rg8
34. Kb2 Kd7 35. Kc2 Re8 36. Kd3 Rb8 37. Kc2 Re8 38. Rh7 Ke6 39. Rf5 Rg8 40. Rh6
Rg6 41. Rh8 Rg5 42. Ra8 1-0

[Event "DEM U16w"]
[Site "Willingen"]
[Date "2006.06.06"]
[Round "6.12"]
[White "van Orsouw, Svenja"]
[Black "Hingst, Silke"]
[Result "1-0"]
[WhiteElo "1596"]
[BlackElo "1407"]
[PlyCount "109"]
[EventDate "2006.??.??"]
[EventType "swiss"]
[EventRounds "9"]
[EventCountry "GER"]

1. e4 e5 2. Nc3 d6 3. f4 Nc6 4. Nf3 f6 5. Bb5 Bd7 6. d3 Nge7 7. Qe2 Nd4 8. Nxd4
exd4 9. Bxd7+ Qxd7 10. Nd1 O-O-O 11. Bd2 d5 12. Nf2 Ng6 13. O-O-O Bd6 14. g3
Rhe8 15. Qh5 Nf8 16. Qxd5 Qa4 17. Qb3 Qxb3 18. axb3 Bc5 19. Rhf1 Rd6 20. Nh3
Ra6 21. Kb1 f5 22. e5 Rh6 23. Ng5 Rxh2 24. Rh1 Rxh1 25. Rxh1 h6 26. Nf3 Ne6 27.
Rh5 Rf8 28. Nh4 Kd7 29. Rxf5 Rg8 30. Ng6 Nd8 31. Rh5 Ne6 32. f5 Nf8 33. Nxf8+
Rxf8 34. g4 Re8 35. e6+ Ke7 36. f6+ Kxf6 37. Rxc5 Rc8 38. c3 Kxe6 39. Rc4 dxc3
40. bxc3 c6 41. Re4+ Kd6 42. c4 Rf8 43. Bb4+ c5 44. Bc3 g6 45. Be5+ Kd7 46. Re1
Rf3 47. Kc2 h5 48. gxh5 gxh5 49. Re2 Rf7 50. Rg2 h4 51. Rh2 Ke6 52. Bb8 Rf8 53.
Re2+ Kd7 54. Bxa7 Kc6 55. Re6+ 1-0

[Event "DEM U16w"]
[Site "Willingen"]
[Date "2006.06.06"]
[Round "6.13"]
[White "Nekrassova, Ekatherina"]
[Black "Öz, Edda"]
[Result "1-0"]
[WhiteElo "1502"]
[BlackElo "1248"]
[PlyCount "43"]
[EventDate "2006.??.??"]
[EventType "swiss"]
[EventRounds "9"]
[EventCountry "GER"]

1. e4 e5 2. Nf3 Nc6 3. Bb5 d6 4. d4 Bd7 5. Nc3 Nf6 6. O-O a6 7. Bxc6 Bxc6 8.
Re1 exd4 9. Nxd4 Bd7 10. e5 dxe5 11. Rxe5+ Be7 12. Qe2 c6 13. Bg5 Rg8 14. Re1
Kf8 15. Rxe7 h6 16. Bxf6 gxf6 17. Re3 Bg4 18. Qd3 Bh5 19. Nf5 Qxd3 20. Rxd3 Bg6
21. Rf3 Bh5 22. Rfe3 1-0

[Event "DEM U16w"]
[Site "Willingen"]
[Date "2006.06.06"]
[Round "6.14"]
[White "Dauer, Carolin"]
[Black "Ludwig, Lisa"]
[Result "1/2-1/2"]
[WhiteElo "1572"]
[BlackElo "1421"]
[PlyCount "37"]
[EventDate "2006.??.??"]
[EventType "swiss"]
[EventRounds "9"]
[EventCountry "GER"]

1. e4 e6 2. d4 d5 3. exd5 exd5 4. Bd3 Nc6 5. c3 Bd6 6. Qc2 g6 7. Be3 Be6 8. Nf3
Qd7 9. Nbd2 Nge7 10. O-O-O O-O-O 11. Rde1 Bf5 12. Bg5 Rde8 13. Bf6 Rhf8 14. h3
h5 15. Nb3 Bxd3 16. Qxd3 Bf4+ 17. Kb1 Qf5 18. Qxf5+ Nxf5 19. g3 1/2-1/2

[Event "DEM U16w"]
[Site "Willingen"]
[Date "2006.06.07"]
[Round "7.1"]
[White "Mader, Manuela"]
[Black "Zikeli, Saskia"]
[Result "1-0"]
[WhiteElo "2061"]
[BlackElo "1985"]
[PlyCount "149"]
[EventDate "2006.??.??"]
[EventType "swiss"]
[EventRounds "9"]
[EventCountry "GER"]

1. e4 c5 2. Nf3 d6 3. d4 cxd4 4. Qxd4 Nc6 5. Bb5 Bd7 6. Bxc6 Bxc6 7. Nc3 Nf6 8.
Bg5 e6 9. O-O-O Be7 10. Qd3 Qa5 11. h4 a6 12. Nd4 Bd7 13. f4 h6 14. Bxf6 gxf6
15. f5 Qe5 16. Qf3 O-O-O 17. g4 Rdg8 18. Nde2 Kb8 19. Nf4 Bd8 20. Nd3 Qa5 21.
Kb1 Be7 22. Nf4 Rg7 23. Rhg1 Rgg8 24. fxe6 fxe6 25. h5 Qg5 26. Ng6 Rh7 27. Ne2
e5 28. Qb3 Rc8 29. Rg3 Be8 30. Nxe7 Rxe7 31. Rxd6 Bb5 32. Qe3 Bxe2 33. Qxe2
Rec7 34. Rb3 Rc6 35. Rd7 R8c7 36. Rxc7 Kxc7 37. Rd3 Qf4 38. b3 Qg5 39. Qd1 Qg7
40. Rd8 Qe7 41. Rd5 Qg7 42. Qf3 Qg5 43. Rd1 Qg7 44. Qd3 Qe7 45. Qd2 b6 46. Qxh6
f5 47. Qh8 fxg4 48. Qa8 Rd6 49. Qa7+ Kd8 50. Qxb6+ Kd7 51. Qb7+ Kd8 52. Qxe7+
Kxe7 53. Rg1 Rh6 54. Rxg4 Rxh5 55. Rg6 Rh4 56. Rxa6 Rxe4 57. Kc1 Rd4 58. Ra4
Rd6 59. Re4 Ke6 60. Re2 Kf5 61. a4 e4 62. Rd2 Rh6 63. Rf2+ Ke5 64. Kd2 Rh3 65.
Re2 Kd4 66. c3+ Kd5 67. a5 Rd3+ 68. Kc2 Ke5 69. Rf2 Rd8 70. b4 e3 71. Rf7 Ke4
72. a6 e2 73. Re7+ Kf3 74. b5 Kf2 75. b6 1-0

[Event "DEM U16w"]
[Site "Willingen"]
[Date "2006.06.07"]
[Round "7.2"]
[White "Fuchs, Judith"]
[Black "Hannes, Diana"]
[Result "1-0"]
[WhiteElo "2007"]
[BlackElo "1958"]
[PlyCount "57"]
[EventDate "2006.??.??"]
[EventType "swiss"]
[EventRounds "9"]
[EventCountry "GER"]

1. e4 c5 2. Nf3 Nc6 3. d4 cxd4 4. Nxd4 Nf6 5. Nc3 e5 6. Ndb5 d6 7. Bg5 a6 8.
Na3 b5 9. Nd5 Be7 10. Bxf6 Bxf6 11. c3 O-O 12. Nc2 Bg5 13. a4 bxa4 14. Rxa4 a5
15. Bc4 Rb8 16. b3 Kh8 17. Nce3 g6 18. h4 Bxh4 19. g3 Bg5 20. f4 exf4 21. gxf4
Bh4+ 22. Kd2 f5 23. exf5 Bxf5 24. Nxf5 Rxf5 25. Kc1 Kg7 26. Ra2 Ne7 27. Qd4+
Bf6 28. Nxf6 Rxf6 29. Rxh7+ 1-0

[Event "DEM U16w"]
[Site "Willingen"]
[Date "2006.06.07"]
[Round "7.3"]
[White "Vollak, Marleen"]
[Black "Erben, Larissa"]
[Result "1/2-1/2"]
[WhiteElo "1866"]
[BlackElo "1868"]
[PlyCount "96"]
[EventDate "2006.??.??"]
[EventType "swiss"]
[EventRounds "9"]
[EventCountry "GER"]

1. e4 c5 2. Nf3 e6 3. d4 cxd4 4. Nxd4 Nc6 5. Nc3 Qc7 6. Be2 a6 7. a4 Nf6 8. O-O
Bb4 9. Bg5 h6 10. Bh4 d6 11. Nxc6 bxc6 12. Bxf6 gxf6 13. Qd4 Bxc3 14. Qxc3 Ke7
15. b4 Qb6 16. Rfd1 Bb7 17. Qd4 c5 18. bxc5 Qxc5 19. Rab1 Bc6 20. a5 Rhb8 21.
Qxc5 dxc5 22. f3 Bb5 23. Kf2 Ra7 24. c4 Rba8 25. cxb5 axb5 26. Rxb5 Rxa5 27.
Rb7+ Ke8 28. Bb5+ Kf8 29. Rdd7 Kg8 30. Bf1 Rf8 31. Rdc7 Kg7 32. Ra7 Rxa7 33.
Rxa7 Rb8 34. Rc7 Rb2+ 35. Kg3 Rc2 36. Bb5 Kf8 37. Rc8+ Ke7 38. Kh3 Rc1 39. Kh4
Rc2 40. h3 Kd6 41. f4 Ke7 42. Kh5 Rxg2 43. Rxc5 Rg3 44. h4 Rh3 45. Rc7+ Kf8 46.
Rc8+ Kg7 47. Rc2 Rg3 48. Bf1 Rf3 1/2-1/2

[Event "DEM U16w"]
[Site "Willingen"]
[Date "2006.06.07"]
[Round "7.4"]
[White "Jehle, Anja"]
[Black "Jussupow, Ekaterina"]
[Result "0-1"]
[WhiteElo "1834"]
[BlackElo "2021"]
[PlyCount "102"]
[EventDate "2006.??.??"]
[EventType "swiss"]
[EventRounds "9"]
[EventCountry "GER"]

1. d4 e6 2. c4 d5 3. Nc3 Nf6 4. Bg5 Be7 5. Nf3 h6 6. Bh4 O-O 7. e3 b6 8. cxd5
Nxd5 9. Bxe7 Qxe7 10. Nxd5 exd5 11. Bd3 Bb7 12. O-O c5 13. dxc5 bxc5 14. Rc1
Nd7 15. Qa4 d4 16. exd4 Bxf3 17. gxf3 Nb6 18. Qc6 Rac8 19. Qe4 Qxe4 20. fxe4
cxd4 21. Ba6 Rxc1 22. Rxc1 Rd8 23. b3 Kf8 24. Kf1 Ke7 25. Rc7+ Rd7 26. Rxd7+
Nxd7 27. Ke2 g5 28. f3 Kd6 29. Bb5 Ne5 30. a3 Kc5 31. Bd3 a5 32. Ba6 h5 33. Kf2
h4 34. h3 Ng6 35. Bf1 Nf4 36. Ke1 d3 37. Kd2 Kd4 38. b4 axb4 39. axb4 f6 40. b5
Kc5 41. Kc3 Kxb5 42. Bxd3+ Kc6 43. e5 Nxh3 44. exf6 Kd6 45. f7 Ke7 46. Bf5 Ng1
47. f8=Q+ Kxf8 48. Bg4 h3 49. Bxh3 Nxh3 50. Kd3 Ke7 51. Ke2 Ke6 0-1

[Event "DEM U16w"]
[Site "Willingen"]
[Date "2006.06.07"]
[Round "7.5"]
[White "Remy, Janina"]
[Black "Kickert, Germaine Helene"]
[Result "1/2-1/2"]
[WhiteElo "1887"]
[BlackElo "1913"]
[PlyCount "44"]
[EventDate "2006.??.??"]
[EventType "swiss"]
[EventRounds "9"]
[EventCountry "GER"]

1. c4 g6 2. g3 Bg7 3. Bg2 c5 4. Nc3 Nc6 5. e3 e6 6. Nge2 Nge7 7. O-O O-O 8. a3
d5 9. cxd5 exd5 10. d4 cxd4 11. Nxd4 Nxd4 12. exd4 Nf5 13. Nxd5 Nxd4 14. Be3
Nc6 15. Qd2 Be6 16. Rad1 Re8 17. Qc1 Qc8 18. Bh6 Ne7 19. Nxe7+ Rxe7 20. Bxg7
Qxc1 21. Rxc1 Kxg7 22. b4 Rae8 1/2-1/2

[Event "DEM U16w"]
[Site "Willingen"]
[Date "2006.06.07"]
[Round "7.6"]
[White "Karmann, Anna"]
[Black "Thiele, Andra"]
[Result "0-1"]
[WhiteElo "1709"]
[BlackElo "1578"]
[PlyCount "78"]
[EventDate "2006.??.??"]
[EventType "swiss"]
[EventRounds "9"]
[EventCountry "GER"]

1. c4 e5 2. Nc3 Nc6 3. g3 g6 4. Bg2 Bg7 5. e3 d6 6. Nge2 Nf6 7. O-O O-O 8. d3
Bf5 9. h3 Bd7 10. Rb1 a5 11. a3 Qc8 12. Kh2 h6 13. Nd5 Nxd5 14. cxd5 Nd8 15.
Bd2 Kh7 16. Nc3 f5 17. f4 h5 18. Ne2 Nf7 19. Bc3 Rh8 20. Ng1 h4 21. gxh4 Bf6
22. Nf3 Kg7 23. Qe1 Rh5 24. Qg3 Qd8 25. Rg1 exf4 26. Bxf6+ Kxf6 27. Qxf4 Ne5
28. Rbd1 Kg7 29. Nd4 Qe7 30. Nf3 Nxf3+ 31. Bxf3 Rxh4 32. Qg3 Qf6 33. Bg2 Rah8
34. Qf2 Qe5+ 35. Qg3 Qxb2 36. Kh1 f4 37. Qxg6+ Kxg6 38. Be4+ Kf7 39. Bg6+ Ke7
0-1

[Event "DEM U16w"]
[Site "Willingen"]
[Date "2006.06.07"]
[Round "7.7"]
[White "Zier, Verena"]
[Black "Reh, Theresa"]
[Result "1-0"]
[WhiteElo "1872"]
[BlackElo "1840"]
[PlyCount "61"]
[EventDate "2006.??.??"]
[EventType "swiss"]
[EventRounds "9"]
[EventCountry "GER"]

1. d4 Nf6 2. c4 g6 3. Nc3 Bg7 4. e4 d6 5. Bd3 O-O 6. Nge2 e5 7. d5 a5 8. f3 Na6
9. Bc2 Nc5 10. Bg5 h6 11. Be3 b6 12. Qd2 Kh7 13. O-O-O Bd7 14. g4 Ng8 15. Ng3
Qe8 16. h4 Na6 17. Rdg1 Ne7 18. Qe2 Nc8 19. f4 exf4 20. Bxf4 Na7 21. g5 Be5 22.
Be3 Bxg3 23. Rxg3 h5 24. Bd4 Nb4 25. Bb1 Rb8 26. Rf1 c5 27. Bf6 Kg8 28. e5 Nc8
29. Re3 Bg4 30. Qf2 dxe5 31. Bxe5 1-0

[Event "DEM U16w"]
[Site "Willingen"]
[Date "2006.06.07"]
[Round "7.8"]
[White "Voss, Janine"]
[Black "Dittrich, Jaqueline"]
[Result "1/2-1/2"]
[WhiteElo "1628"]
[BlackElo "1589"]
[PlyCount "52"]
[EventDate "2006.??.??"]
[EventType "swiss"]
[EventRounds "9"]
[EventCountry "GER"]

1. e4 e5 2. Nf3 Nc6 3. d4 exd4 4. Nxd4 Bc5 5. Be3 Qf6 6. c3 Nge7 7. Bc4 Ne5 8.
Bb3 O-O 9. O-O d6 10. Nd2 Qg6 11. f3 Kh8 12. Qe2 f5 13. Kh1 f4 14. Bg1 Qh5 15.
Nb5 c6 16. Bxc5 dxc5 17. Nc7 Rb8 18. Nc4 Bd7 19. Rad1 Rfd8 20. Rd6 Nf7 21. Rfd1
Nxd6 22. Nxd6 Rf8 23. Nf7+ Rxf7 24. Bxf7 Qxf7 25. Rxd7 Qxa2 26. h3 Ng6 1/2-1/2

[Event "DEM U16w"]
[Site "Willingen"]
[Date "2006.06.07"]
[Round "7.9"]
[White "Benzen, Marthe"]
[Black "Billing, Tanja"]
[Result "1/2-1/2"]
[WhiteElo "1573"]
[BlackElo "1644"]
[PlyCount "117"]
[EventDate "2006.??.??"]
[EventType "swiss"]
[EventRounds "9"]
[EventCountry "GER"]

1. e4 c5 2. Nc3 d6 3. g3 Nf6 4. Bg2 Nc6 5. d3 e6 6. f4 Be7 7. Be3 d5 8. Bd2 d4
9. Nce2 O-O 10. h3 b5 11. Nf3 Ba6 12. O-O Qc7 13. g4 Rac8 14. f5 exf5 15. gxf5
Rfd8 16. Bf4 Bd6 17. Bg5 Be7 18. Kh1 Qd7 19. Rg1 c4 20. e5 Ne8 21. Bxe7 Nxe7
22. f6 Nf5 23. fxg7 Ne3 24. Qd2 Nxg2 25. Kxg2 Bb7 26. Raf1 Qf5 27. Qf4 Qxf4 28.
Nxf4 cxd3 29. cxd3 Rc2+ 30. Rf2 Rdc8 31. Nh5 R2c5 32. Kh2 Bxf3 33. Rxf3 Rxe5
34. Rxf7 Nd6 35. Rd7 Rxh5 36. Rxd6 Rhc5 37. Rxd4 Rc2+ 38. Rg2 Rxg2+ 39. Kxg2
Rc2+ 40. Kf3 a5 41. a4 Rxb2 42. axb5 Rxb5 43. Rd7 Rg5 44. Ra7 Rd5 45. Ke4 Rh5
46. d4 Rh4+ 47. Kd3 Rxh3+ 48. Kc4 Rg3 49. Rxa5 Rxg7 50. Ra8+ Kf7 51. Rh8 Ke7
52. d5 Kd7 53. Kc5 Rf7 54. Ra8 Re7 55. Ra6 Ke8 56. Rh6 Kd7 57. Rh5 Rf7 58. d6
Rg7 59. Kd5 1/2-1/2

[Event "DEM U16w"]
[Site "Willingen"]
[Date "2006.06.07"]
[Round "7.10"]
[White "Zemella, Jennifer"]
[Black "Dobrusina, Anna"]
[Result "1-0"]
[WhiteElo "1755"]
[BlackElo "1564"]
[PlyCount "59"]
[EventDate "2006.??.??"]
[EventType "swiss"]
[EventRounds "9"]
[EventCountry "GER"]

1. e4 c5 2. d4 cxd4 3. c3 Nf6 4. e5 Nd5 5. Nf3 Nc6 6. Bc4 Nb6 7. Bb3 d6 8. exd6
e6 9. O-O Bxd6 10. Nxd4 Nxd4 11. Qxd4 O-O 12. Rd1 Bc7 13. Qc5 Nd7 14. Qh5 Qf6
15. Bc2 g6 16. Qh3 Ne5 17. Nd2 Rd8 18. Ne4 Rxd1+ 19. Bxd1 Qf5 20. Qh4 Bb6 21.
Nf6+ Kg7 22. Bh6+ Kh8 23. Bf4 Bxf2+ 24. Kxf2 Ng4+ 25. Nxg4 Qxf4+ 26. Bf3 Qd2+
27. Kg1 Qxb2 28. Qf6+ Kg8 29. Nh6+ Kf8 30. Qxf7# 1-0

[Event "DEM U16w"]
[Site "Willingen"]
[Date "2006.06.07"]
[Round "7.11"]
[White "van Orsouw, Svenja"]
[Black "Nekrassova, Ekatherina"]
[Result "1-0"]
[WhiteElo "1596"]
[BlackElo "1502"]
[PlyCount "91"]
[EventDate "2006.??.??"]
[EventType "swiss"]
[EventRounds "9"]
[EventCountry "GER"]

1. e4 c6 2. d4 d5 3. exd5 cxd5 4. Bd3 Nc6 5. c3 g6 6. Bf4 Bg7 7. Nf3 Nh6 8. O-O
O-O 9. Re1 f6 10. c4 Nf7 11. cxd5 Nb4 12. d6 exd6 13. Bc4 d5 14. Bb3 Bf5 15.
Re3 Nd6 16. a3 Nc6 17. Bxd5+ Kh8 18. Bxc6 bxc6 19. Nc3 Nc4 20. Re2 Bg4 21. Qd3
Bxf3 22. gxf3 Nb6 23. Rae1 f5 24. Be5 c5 25. Bxg7+ Kxg7 26. Re7+ Rf7 27. Rxf7+
Kxf7 28. d5 Qg5+ 29. Kh1 Rd8 30. Qe3 Qxe3 31. fxe3 Nc4 32. b3 Nd2 33. Kg2 Nxb3
34. e4 fxe4 35. fxe4 Nd2 36. e5 Rb8 37. e6+ Ke7 38. Re2 Nc4 39. Rf2 Ne3+ 40.
Kh3 Nf5 41. Rf3 Rb3 42. Kg4 Kd6 43. Ne4+ Kxd5 44. Rxb3 Kxe4 45. Rb7 Kd5 46. e7
1-0